Megadeth General Knowledge - Statistics

General Stats
  • This quiz has been taken 151 times
  • The average score is 9 of 16
Answer Stats
Hint Answer % Correct
Lead singer Dave Mustaine
98%
First album they released in 1985 Killing Is My Business... and Business Is Good!
83%
Dave Mustaine is known for being in what famous band previously before he created Megadeth? Metallica
83%
"Watch him become a ___, watch peoples heads a-roll" God
82%
The Sick, The Dying, and The _____ Dead!
81%
Their album named after a number 13
67%
The Megadeth mascot's name Vic Rattlehead
66%
Dave Mustaine wanted to create an album that would beat Metallica from doing something like it first in 1999, what was this experimental album? (starts with R) Risk
64%
The main reason Marty Friedman quit Megadeth was because they removed his ____ from Breadline Solo
62%
What Sex Pistols song did they cover? Anarchy in the U.K.
58%
In memory of Cliff Burton, he created this song In My Darkest Hour
55%
Longest Rust In Peace song Holy Wars...The Punishment Due
51%
Rust In Peace lineup (in order of lead/singer, rhythm guitar, bass, & drummer) Dave Mustaine, Marty Friedman, Dave Ellefson, Nick Menza
43%
What president did he sample "Read my lips" from in Foreclosure of a Dream? George H.W. Bush
26%
Enter Sandman by Metallica is (not purposefully) similar to what Megadeth song? Go To Hell
17%
According to Dave Mustaine, what is heavy metal? A way of life
14%
No matching quizzes found
Score Distribution
Percent of People with Each Score
Percentile by Number Answered
Your Score History
You have not taken this quiz